LOST: Dharma Stations Quiz Stats

 Plays Quiz Updated Apr 4, 2019

Score 0/10 Timer 03:00
4 Plays Today
Station % Correct
The Swan
82.5%
The Pearl
64.5%
The Looking Glass
61.8%
The Orchid
60.5%
The Hydra
47.9%
The Flame
47.4%
The Arrow
40%
The Lamp Post
26.9%
The Staff
24.2%
The Tempest
23.2%

You're not logged in!

Compare scores with friends on all Sporcle quizzes.
OR
Log In

Sporcle TV

Today on Sporcle TV


Watch our educational content, quiz creation guides, and fun videos on Sporcle TV.

Show Comments

Extras

Top Quizzes Today


Score Distribution

Your Account Isn't Verified!

In order to create a playlist on Sporcle, you need to verify the email address you used during registration. Go to your Sporcle Settings to finish the process.

Report this User

Report this user for behavior that violates our Community Guidelines.

Details: